[Event "Geneva FIDE GP"]
[Site "Geneva"]
[Date "2017.07.13"]
[Round "7"]
[White "Radjabov, Teimour"]
[Black "Svidler, Peter"]
[Result "1-0"]
[WhiteElo "2724"]
[BlackElo "2749"]
[Annotator "Lenderman,A"]
[PlyCount "61"]
[EventDate "2017.07.06"]
[EventType "swiss"]
[EventRounds "9"]
[EventCountry "SUI"]
[SourceTitle "CBM 180"]
[Source "ChessBase"]
[SourceDate "2017.09.13"]
[SourceVersion "1"]
[SourceVersionDate "2017.09.13"]
[SourceQuality "1"]

{Today the choice was clear to me, since we had a decisive game on one of the
top boards, and also it was a nice, clean game by Radjabov, who is in
excellent form in this tournament.} 1. Nf3 Nf6 2. c4 c5 (2... g6 3. Nc3 d5 4.
cxd5 Nxd5 {is another common line for Grünfeld players, but these days many
players don't want to venture here, since White has a lot of additional
dangerous options here.}) 3. Nc3 d5 {As far as I know, the most common way for
Grünfeld players to play against this White's move order.} (3... g6 4. d4 cxd4
5. Nxd4 d5 {is also a common way for Grünfeld players to play, but still, I
think White has some pressure here if he knows the line well.} (5... Bg7 6. e4
{leads to a Maroczy Bind Structure, which most Grünfeld players wouldn't want
to play, since this is basically suffering for most of the game, and there
aren't as many dynamic options for Black here.})) 4. cxd5 Nxd5 5. e3 (5. e4 {
is also a very common move here, after which Black usually plays ...Nb4 and
leads to very sharp positions.} Nb4) 5... Nxc3 {Definitely not the only move
here.} (5... e6 {As far as I know this is the most common alternative, which
will most likely lead to an IQP (isolated pawn position), where White has the
isolated d4-pawn but will have attacking chances.} 6. d4) (5... Nc6 {isn't
played as often because of the unpleasant...} 6. Bb5 {After which Black will
probably still have to eventually play ...e6, but now he has allowed a
slightly annoying pin, and therefore some concessions.}) (5... g6 {is also not
as accurate, right away, since here after a strong queen move, disturbing
Black's harmony, he has to make some annoying concessions, for example...} 6.
Qa4+ $1 {This is already unpleasant for Black.} Bd7 (6... Nc6 7. Bb5 $14) 7.
Qb3 $14) 6. dxc3 {And this is the first somewhat surprising move. Almost
exclusively White plays bxc3. However, Radjabov, one of the leaders at +2,
playing Svidler, who has 3.5/6, half a point behind, decided to put the ball
in Black's court to try to create some kind of a battle in a dry position.
That,along with the fact that as far as I can tell, Svidler doesn't like
positions that are too dry. One game that comes to mind is Karjakin-Svidler
from the 2015 World Cup Finals, where Svidler just needed a draw to win the
finals, as he had been leading 2-1, but wasn't able to defend a slightly
unpleasant but tenable position. This no doubt had an impact on Radjabov's
decision to play this kind of a position this round. Needless to say, it paid
off big time for him in this game.} Qxd1+ (6... Qc7 {Perhaps this deserves
attention. This is already a rare position though.}) 7. Kxd1 Bf5 {This move is
designed against a quick e4. It's an interesting option but definitely not the
only option.} (7... Nc6 {is an alternative which Nepo tried against Vidit in
the last Olympiad. He'd also tried ...b6 the game before against Wang Yue.} 8.
e4 b6 9. Kc2 Bb7 10. Bf4 f6 11. Rd1 e5 12. Bc1 (12. Bg3 $5 {Maybe this move
here or somewhere earlier was a possible improvement for Radjabov.}) 12... Na5
13. Bb5+ Kf7 14. Rhe1 a6 15. Bc4+ Nxc4 16. Rd7+ Be7 17. Rxb7 Rhb8 18. Rxb8 Rxb8
19. b3 Nd6 20. Nd2 b5 $11 {1/2 (37) Vidit,S (2669)-Nepomniachtchi,I (2740)
Baku AZE 2016. Black equalised comfortably and went on to draw without
particular problems.}) (7... b6 8. e4 Bb7 9. Bb5+ Bc6 10. a4 a6 11. Bxc6+ Nxc6
12. Kc2 e6 13. Rd1 Be7 14. Bf4 Ra7 15. Nd2 $14 {1/2 (47) Wang Yue (2728)
-Nepomniachtchi, I (2719) Moscow RUS 2016. Here White has some pull, in a game
which ended up being a draw in 47 moves.}) 8. Nd2 Nc6 9. e4 {So, White got in
e4 anyway, but Black's idea was to force White's knight to d2 first, so that
White has a harder time developing his bishop on c1.} Be6 {This is according
to my database a novelty, and possibly not the best one.} (9... Bd7 {was
played by the late Walter Browne all the way back in 1979.} 10. Kc2 O-O-O 11.
Nb3 e6 12. Be3 b6 13. Ba6+ Kc7 14. a4 Ne5 15. f3 Bd6 16. Be2 Bc6 17. Nd2 f5 {
1/2 (42) Andersson,U (2560) -Browne,W (2540) Banja Luka 1979; with a complex
game, which ended up in a draw in the end. But certainly both sides could
probably make subtle improvements before.}) 10. Kc2 g6 (10... O-O-O {This move
deserves attention as well, since it stops Bc4 because of ...Rxd2!. However,
White has annoying options here as well.} 11. Nb3 (11. Bc4 $4 Rxd2+ $19) (11.
Nf3 $5 {is also interesting, trying to induce the move f6 at some point.} f6
12. Be3 b6 13. Ba6+ Kb8 14. Bf4+ Ka8) 11... b6 12. Ba6+ Kb8 13. Bf4+ Ka8 14.
Rhd1 Rxd1 15. Rxd1 g6 16. Nd2 Bg7 17. Bc4 Bxc4 18. Nxc4 Rd8 19. Rd5 $14 {
White has a slight pull here, but it certainly looks like Black should be able
to hold.}) 11. Bc4 Bd7 {Now it's starting to look like Black's strategy didn't
work. He's losing too many tempi and White is putting his pieces on decent
squares.} (11... Bxc4 12. Nxc4 $14 {is also slightly unpleasant though. White
has a plan with Be3 and a4 after ...b6. Black's bishop is a slight problem, in
where it's very useful.}) 12. Nb3 b6 13. a4 {An important move, not only
thinking about playing a5, but also preparing to play Bb5 after ...Ne5.} Ne5
14. Bb5 a6 $6 {But this move already seems like a real inaccuracy. I don't
think it was necessary to create additional weaknesses.} (14... Bg7 15. Bf4
O-O-O {still seems tenable for Black.}) 15. Bxd7+ Nxd7 16. Be3 e6 17. Rhd1
O-O-O 18. Nd2 $16 {Now White already has a serious advantage. White's knight
is getting back to c4, its dream square, while Black is tied down to the
weakness on b6. In general, the main reason White wanted to swap off the
light-squared bishops was because he wanted to have his knight unopposed on c4,
where it can't be bothered by Black's bishop, and also sometimes the white
knight and bishop are redundant on the light squares.} Be7 19. Nc4 Kb7 20. a5
$1 Rhf8 {The problem for Black is that...} (20... b5 $2 {only makes things
worse because of...} 21. Nd6+ Bxd6 22. Rxd6 $18 {and Black is just collapsing
here with his weaknesses.}) 21. axb6 Nxb6 22. Na5+ Kc7 23. Bf4+ Bd6 24. Bh6 $1
{A very important decision here. White didn't want to trade off the dark
squared bishops since then he would not have enough fire power to really apply
maximum pressure on Black's weaknesses.} (24. Rxd6 Rxd6 25. Nb3 (25. Rd1 Nc8
26. Nc4 Rfd8 27. b3 f6 28. Nxd6 Nxd6 {and since the pawn endgame is going to
be drawn, Black will be able to untangle himself eventually with ...Kc6, and
even though he's worse, he can still fight here.}) 25... c4 26. Nc5 Ra8 27.
Nxa6+ Kc6 28. Bxd6 Kxd6 29. Rd1+ Kc6 30. Nb4+ Kc5 {would have won a pawn for
White, but Radjabov correctly assessed that in this position Black would have
better chances o holding than in the game, since he was able to get his pieces
very active and trade off or eliminate his weaknesses just at the cost of a
pawn. This is still promising for White but it shows incredible patience not
to go for this line, which I'm sure Radjabov saw.}) 24... Rfe8 25. Nb3 {
Black still won't be able to avoid material loss in the long run, but here he
also keeps his active bishop, while Black's bishop on d6 is quite restricted
and can't do much.} Ra8 26. Be3 Nd7 27. Ra5 Kc6 28. Rda1 Kb6 29. R5a4 Rec8 30.
Na5 Be7 $6 {Loses in one move, but the position was already probably lost.} (
30... Kc7 31. Nc4 Be7 {would have prolonged the game, but White should still
be winning.} 32. Rxa6 (32. Bf4+ {Though the computer even doesn't want to take
the pawn.} Kb7 33. Na5+ Kb6 34. Rd1 Ra7 35. Nc4+ Kc6 36. Ra3 {and due to the
deadly threat of Na5+ with a mating attack, Black is already forced to play
the pathetic...} e5 37. Bxe5 Nxe5 38. Nxe5+ Kc7 39. Rd7+ Kb8 40. Rb3+ Ka8 41.
Rd1 {But this is equivilant to resignation.}) 32... Rxa6 33. Rxa6 {should be
enough for a winning advantage.}) 31. Rb4+ {Black resigned since is losing
after} (31. Rb4+ Kc7 32. Rb7+ Kd8 33. Rd1 Rc7 34. Nc6+ {and Black will lose at
least a piece. A very nice game by Radjabov and this puts him in a commanding
position to be able to win this tournament.}) 1-0

[Event "Geneva FIDE GP"]
[Site "Geneva"]
[Date "2017.07.15"]
[Round "9"]
[White "Nepomniachtchi, Ian"]
[Black "Radjabov, Teimour"]
[Result "1/2-1/2"]
[WhiteElo "2742"]
[BlackElo "2724"]
[Annotator "Lenderman,A"]
[PlyCount "111"]
[EventDate "2017.07.06"]
[EventType "swiss"]
[EventRounds "9"]
[EventCountry "SUI"]
[SourceTitle "CBM 180"]
[Source "ChessBase"]
[SourceDate "2017.09.13"]
[SourceVersion "1"]
[SourceVersionDate "2017.09.13"]
[SourceQuality "1"]

{There were some other interesting games this round, besides this draw between
the leaders, but in the end I decided that since this was a critical game for
the final tournament standings, and it was an interesting battle, it deserved
to be the choice.} 1. e4 e5 2. Nf3 Nc6 3. Bc4 Nf6 (3... Bc5 {is also very
common leading to the traditional Italian Game.}) 4. d3 (4. Ng5 {is also
interesting, leading to a very sharp game after d5.} d5 5. exd5 Na5 (5... Nxd5
$6 6. Nxf7 Kxf7 7. Qf3+ Ke6 8. Nc3 $40 {is a very dangerous attack for White,
called the Fried Liver Attack.}) 6. Bb5+ c6 7. dxc6 bxc6 8. Bd3 {This move has
been sort of the new main line these days and leads to very sharp play.} (8.
Be2 h6 $44 {was the old main line.})) 4... Bc5 {And now we transpose into the
main line.} (4... Be7 {is an additional line, which has the benefit of being
flexible with ...Nf6 instead of ...Bc5.}) (4... h6 $5 {Even this is
interesting, as it allows the opportunity to play with ...d6 and ...g6 and ...
Bg7, while stopping Ng5.}) (4... d6 $2 {Of course is a mistake here, since now
White will play...} 5. Ng5 $1 d5 6. exd5 Nxd5 (6... Na5 7. Bb5+ c6 8. dxc6 bxc6
9. Ba4 $16 {Here Black barely has any compensation for the pawn.}) 7. Nxf7 {
and he is up a tempo.}) 5. O-O d6 6. c3 a6 7. a4 O-O 8. h3 h6 {Black deviates
from another game Nepomniachtchi played before. However, this position after ..
.h6 did occur in the game Nepo-Mamedyarov, so it's likely that the top
Azerbaijan players had studied this position together.} (8... Be6 9. Bxe6 fxe6
10. d4 Ba7 11. Re1 exd4 12. cxd4 e5 13. Be3 d5 14. Nc3 exd4 15. Nxd4 Bxd4 16.
Bxd4 Nxe4 17. Nxe4 Nxd4 18. Qxd4 dxe4 19. Qxe4 {1/2 (40) Nepomniachtchi,I 
(2719)-Yu Yangyi (2737) Moscow RUS 2016. Where White had a very small pull but
Black held on...}) 9. Re1 Ba7 {Deviating from Mamedyarov. This is still a very
theoretical position though.} (9... Re8 10. Nbd2 Be6 11. Bxe6 Rxe6 12. b4 Ba7
13. Qc2 d5 14. Nb3 $14 {1-0 (54) Nepomniachtchi,I (2740)-Mamedyarov,S (2761)
Moscow RUS 2016; is already a bit unpleasant for Black and White later on won
a very nice game.}) 10. Nbd2 Ne7 11. d4 (11. Nf1 $5 {has been tried a few
times by Anish Giri.}) 11... Ng6 12. Bf1 Re8 13. Qc2 (13. a5 $5 {was tried by
Kramnik against Radjabov in the Olympiad, with a lot of success, but I'm sure
Radjabov did a lot of work on this position. In general, when top players lose
in a certain line they usually know it really deeply next time, so very often
the next opponents don't go into that line, assuming they will be better
prepared.} Bd7 14. b4 Bc6 (14... d5 {Possibly this was Radjabov's improvement.}
) 15. d5 Bd7 16. c4 Nf4 17. c5 g5 $6 (17... dxc5) 18. Nc4 $16 {1-0 (34)
Kramnik, V (2808)-Radjabov,T (2722) Baku AZE 2016. From here White won a very
nice game.}) 13... Nh7 14. dxe5 {This is a novelty according to my database.} (
14. Nb3 Nh4 15. Nxh4 Qxh4 16. dxe5 dxe5 17. Be3 Ng5 18. Bxa7 Rxa7 {0-1 (69)
Dragnev,V (2515)-Zilka,S (2523) Lesnica SVK 2017. And here Black was
comfortable and even later on won.}) 14... dxe5 15. Nc4 Qf6 16. Ne3 Ne7 (16...
Nf4 {seems like a reasonable alternative:} 17. Nf5 {would lead to a complex
game though, and probably the idea of ...Ne7 was to prevent Nf5.}) 17. Ng4 {
I am not sure about the objective value of this move.} (17. Be2 {Maybe at this
point objectively it was better to play a humble move like Be2 to try to
maintain equality, but of course Nepo needed the win, being a half a point
behind, so he was willing to take some risks to unbalance the game.}) 17...
Bxg4 18. hxg4 Ng6 19. Bc4 Rad8 20. a5 $6 (20. Be3 {Again, perhaps it was
better objectively to steer the game to equalish grounds.}) 20... Nf4 21. Nh2
$6 {This move makes matters worse for White.} (21. Rf1 {was objectively a
better defence but here Black is the only one who can be better.} Ng5 22. Nxg5
Qxg5 23. Bxf4 exf4 24. Qe2 c6 {And only Black can be better. White can't
really dream of winning such a position at an elite level, if Black is ok with
a draw.}) 21... Rd7 22. Be3 Bxe3 23. fxe3 Ne6 $17 {Now Black is much better.
White's pawn structure is really spoiled with a pair of doubled isolated pawns.
} 24. Rf1 Qe7 25. b4 Nhg5 $6 {Here, however, Black lets go of a big portion of
his advantage. This move wasn't so logical since now the knight on e6 isn't as
happy, and the knights become redundant.} (25... Nf6 $1 26. Rf5 Qd6 (26... Ng5
{should also be sufficient.}) 27. Raf1 Ng5 $19 {and Black is basically already
winning material here.}) 26. Nf3 Nxf3+ 27. gxf3 {Now thanks to the threat of
the e5-pawn, at least White was able to fix his pawn structure. He's still
worse with a weak king though and really never risked winning the game.} Qg5
28. Rae1 Red8 29. Qh2 Rd2 30. Re2 Rd1 31. Bd5 Rxf1+ 32. Kxf1 c6 33. Bxe6 Rd1+
$1 {An important in-between move AKA a 'zwischenzug'.} (33... fxe6 34. Rd2 $11
{is just equal.}) 34. Kf2 fxe6 35. Qh5 $1 {White finds the best defensive
resource here, transposing into a rook endgame with excellent drawing chances.}
Qxh5 36. gxh5 Kf7 37. Rb2 Rc1 38. Rd2 Ke7 39. Rd3 Rh1 40. Kg2 Rxh5 41. c4 {
White is in time to create counterplay.} Rg5+ 42. Kh2 Rh5+ 43. Kg2 Rg5+ 44. Kh2
h5 {Black could've forced a draw here, but at this moment Grischuk hadn't
officially drawn yet, and had Grischuk won, Radjabov would not have won clear
first. So he still tried to press. Besides Radjabov really has no risk here.
However, maybe a slightly better way to press was with ...Rg6!?} (44... Rg6 $5
45. b5 axb5 $1 46. cxb5 Rf6 $1 {and here after this unusual move, ...Rf6,
Black still has some winning chances. However, finding a variation like that
isn't natural for the human eye, giving White a passed pawn, especially when
all you really need is a draw, the last thing you want to do is to take an
unnecessary risk.} (46... cxb5 47. Rb3 $11)) 45. b5 h4 46. Kh3 (46. bxa6 bxa6
47. c5 Rg3 48. Rd6 Rxf3 49. Rxc6 Rxe3 50. Rxa6 Rxe4 51. Ra7+ $1 Kd8 $1 52. c6 {
would've also secured a draw, and in fact Black had to play Kd8, or else he
could even risk losing here, since White's 2 passed pawns are more dangerous
than Black's 4.}) 46... Rg3+ (46... Rg1 {might have offered slightly better
winning chances but I'm pretty sure this should be a draw as well.} 47. bxa6
bxa6 48. Kxh4 Ra1 49. Rb3 Rxa5 50. Kg5 Ra1 51. c5 {and White has enough
counterplay.}) 47. Kxh4 Rxf3 48. bxa6 bxa6 49. c5 {Now the game peters out to
a draw by force.} Rf1 50. Rd6 Ra1 51. Rxc6 Rxa5 52. Kg5 Kd7 53. Rd6+ Ke7 54.
Rc6 Kd7 55. Rd6+ Ke7 56. Rc6 {A very nice last round battle. Nepo really tried
hard to create chances but Radjabov was really prepared well in the opening,
and also was in excellent form in the event and only he could have won this
game. Congratulations to Radjabov on a huge result, which possibly even
giveshim some outside chances to qualify for the Candidates.} 1/2-1/2

[Event "FIDE World Cup"]
[Site "Tbilisi"]
[Date "2017.09.03"]
[Round "1.1"]
[White "Radjabov, Teimour"]
[Black "Ziska, Helgi Dam"]
[Result "1/2-1/2"]
[WhiteElo "2742"]
[BlackElo "2545"]
[PlyCount "29"]
[EventDate "2017.09.03"]
[EventType "k.o."]
[EventRounds "7"]
[EventCountry "GEO"]
[SourceTitle "CBM 181"]
[Source "ChessBase"]
[SourceDate "2017.11.10"]
[SourceVersion "1"]
[SourceVersionDate "2017.11.10"]
[SourceQuality "1"]

1. d4 Nf6 2. c4 g6 3. Nc3 Bg7 4. e4 d6 5. Nf3 O-O 6. h3 e5 7. d5 Nh5 8. g3 a5
9. Be2 Na6 10. Nh2 Nf6 11. Ng4 Nd7 12. Nh6+ Kh8 13. h4 Ndc5 14. g4 f5 15. h5
1/2-1/2

[Event "FIDE World Cup"]
[Site "Tbilisi"]
[Date "2017.09.04"]
[Round "1.2"]
[White "Ziska, Helgi Dam"]
[Black "Radjabov, Teimour"]
[Result "0-1"]
[WhiteElo "2545"]
[BlackElo "2742"]
[PlyCount "64"]
[EventDate "2017.09.03"]
[EventType "k.o."]
[EventRounds "7"]
[EventCountry "GEO"]
[SourceTitle "CBM 181"]
[Source "ChessBase"]
[SourceDate "2017.11.10"]
[SourceVersion "1"]
[SourceVersionDate "2017.11.10"]
[SourceQuality "1"]

1. e4 c5 2. Nf3 Nc6 3. Bb5 e6 4. O-O Nge7 5. Re1 a6 6. Bf1 d5 7. exd5 Nxd5 8.
d4 Nf6 9. Be3 Nd5 10. Bc1 Nf6 11. Be3 cxd4 12. Nxd4 Bd7 13. c4 Qc7 14. Nc3 Be7
15. h3 O-O 16. Rc1 Nxd4 17. Qxd4 Bc6 18. Qb6 Qe5 19. a3 Bd6 20. g3 Bc7 21. Qb3
Ne4 22. Bg2 Nxg3 23. fxg3 Qxg3 24. Qc2 f5 25. Bc5 f4 26. Qf2 Qg6 27. Bxf8 Rxf8
28. Qe2 Bb6+ 29. Kh1 f3 30. Qxe6+ Qxe6 31. Rxe6 fxg2+ 32. Kh2 Rf1 0-1

[Event "FIDE World Cup"]
[Site "Tbilisi"]
[Date "2017.09.06"]
[Round "2.1"]
[White "Artemiev, Vladislav"]
[Black "Radjabov, Teimour"]
[Result "1/2-1/2"]
[WhiteElo "2692"]
[BlackElo "2742"]
[PlyCount "97"]
[EventDate "2017.09.03"]
[EventType "k.o."]
[EventRounds "7"]
[EventCountry "GEO"]
[SourceTitle "CBM 181"]
[Source "ChessBase"]
[SourceDate "2017.11.10"]
[SourceVersion "1"]
[SourceVersionDate "2017.11.10"]
[SourceQuality "1"]

1. e4 e5 2. Bc4 Nf6 3. Nc3 Nc6 4. d3 Na5 5. Qf3 Nxc4 6. dxc4 d6 7. Nge2 Be7 8.
O-O O-O 9. a4 Be6 10. b3 Nd7 11. Ng3 Bg5 12. Nf5 Bxc1 13. Raxc1 g6 14. Ne3 a5
15. Rcd1 Nc5 16. Qg3 Qf6 17. f3 Qg7 18. Qe1 b6 19. Ned5 f5 20. exf5 Rxf5 21.
Qd2 Raf8 22. Ne4 Bxd5 23. Qxd5+ Qf7 24. Rfe1 h5 25. Qxf7+ R8xf7 26. Nc3 g5 27.
Nd5 Kh7 28. Ne3 R5f6 29. Rd2 Ne6 30. c3 Rg6 31. b4 Rg8 32. Rb1 Ra8 33. Ra1 axb4
34. cxb4 Nd4 35. Raa2 c6 36. b5 Rc7 37. Rdb2 Ne6 38. Rd2 Nd4 39. Kf2 Kg6 40.
Rdb2 Nf5 41. Rd2 Nd4 42. bxc6 Rxc6 43. Nd5 Ra7 44. Rdb2 Rxc4 45. Rxb6 Rcxa4 46.
Rxd6+ Kg7 47. Rxa4 Rxa4 48. Rd7+ Kg6 49. Rd6+ 1/2-1/2

[Event "FIDE World Cup"]
[Site "Tbilisi"]
[Date "2017.09.07"]
[Round "2.2"]
[White "Radjabov, Teimour"]
[Black "Artemiev, Vladislav"]
[Result "1/2-1/2"]
[WhiteElo "2742"]
[BlackElo "2692"]
[PlyCount "31"]
[EventDate "2017.09.03"]
[EventType "k.o."]
[EventRounds "7"]
[EventCountry "GEO"]
[SourceTitle "CBM 181"]
[Source "ChessBase"]
[SourceDate "2017.11.10"]
[SourceVersion "1"]
[SourceVersionDate "2017.11.10"]
[SourceQuality "1"]

1. e4 c5 2. Nf3 e6 3. d4 cxd4 4. Nxd4 Nc6 5. Nc3 a6 6. Nxc6 bxc6 7. Bd3 Qc7 8.
Qe2 Bd6 9. Qg4 Kf8 10. f4 Nf6 11. Qf3 e5 12. O-O exf4 13. Bxf4 Bxf4 14. Qxf4
Qxf4 15. Rxf4 d6 16. h3 1/2-1/2